Land and politics in Malawi, 1875-1975 /

Bibliographic Details
Main Author: Pachai, Bridglal
Format: Book
Language:English
Published: Kingston, Ont. : Limestone Press, [1978]
Series:Modern Africa series ; no. 2.
Subjects:

MARC

Tag First Indicator Second Indicator Subfields
LEADER 00000cam a2200000 a 4500
001 in00000072741
005 20151008054617.0
008 790306s1978 oncabf b 00110 eng d
020 |a 0919642837 (pbk) 
020 |a 0919642829 
035 |a (OCoLC)04715748 
035 |9 AAJ1161AM 
040 |a UIU  |c UIU  |d m.c.  |d TXA  |d UtOrBLW 
043 |a f-mw--- 
049 |a TXAM  |c 1 [387498], 2 [274412] 
090 |a HD997  |b  P3 
092 |a 333  |b P11 
100 1 |a Pachai, Bridglal. 
245 1 0 |a Land and politics in Malawi, 1875-1975 /  |c by Bridglal Pachai. 
264 1 |a Kingston, Ont. :  |b Limestone Press,  |c [1978] 
264 4 |c ©1978 
300 |a xiv, 245 pages, 20 unnumbered pages of plates :  |b illustrations, maps ;  |c 24 cm. 
336 |a text  |b txt  |2 rdacontent 
337 |a unmediated  |b n  |2 rdamedia 
338 |a volume  |b nc  |2 rdacarrier 
490 1 |a Modern Africa ;  |v no. 2 
504 |a Includes bibliographical references and index. 
650 0 |a Land use  |z Malawi  |x History. 
650 0 |a Land tenure  |z Malawi  |x History. 
651 0 |a Malawi  |x Politics and government. 
830 0 |a Modern Africa series ;  |v no. 2. 
999 |a MARS 
999 f f |s 49b3e69f-ba6e-3ff8-8315-aee4ea5e9648  |i da02678b-0c7e-3b08-8ddc-77d428ada19d  |t 0 
952 f f |p ric  |a Texas A&M University  |b Rellis Campus  |c Joint Library Facility  |d Remote Storage  |t 0  |e HD997 P3  |h Library of Congress classification  |i unmediated -- volume  |m A14808710779 
998 f f |a HD997 P3  |t 0  |l Remote Storage